00709nam a2200229 a 4500001001300000003000900013005001700022008004100039020002300080082001500103100002000118245006800138260003500206300000900241500003500250505002300285650002300308902000800331942000700339952011600346999001700462nice12345678IN_TiNIC20260116014351.0100924s2008 u.sa grp 000 0 eng  a9781594515156c30000a305.4bMER aMertus, A Julie aLocal Action Global Changeb A Handbook on Women`s Human Rights aU.S.A. bParadigm Pubs. c2008 a350p aincludes index and biblioraphy2 aBibliography,Index aWomen-Human Rights bSRS cBK 001040708StackRoom-aHMIbHMId2010-09-24g300.00l0o305.4 MERp023348r2010-09-24v300.00w2010-09-24yBK c15006d15006